NCAA Division I Football Conferences - Statistics

General Stats
  • This quiz has been taken 77 times
  • The average score is 13 of 23
Answer Stats
% Correct
Big 10 Conference
98%
Big 12 Conference
95%
Pac-12 Conference
93%
Southeastern Conference
90%
Atlantic Coast Conference
82%
Sun Belt Conference
80%
Mountain West Conference
70%
American Athletic Conference
69%
Conference USA
64%
Mid-American Conference
64%
Big Sky Conference
54%
Ohio Valley Conference
49%
Southern Conference
49%
Missouri Valley Football Conference
48%
Ivy League
39%
Southland Conference
39%
Northeast Conference
38%
Patriot League
33%
Mid-Eastern Athletic Conference
31%
Colonial Athletic Association
30%
Big South Conference
28%
Pioneer Football League
11%
Southwestern Atlantic Conference
3%
No matching quizzes found
Score Distribution
Percent of People with Each Score
Percentile by Number Answered
Your Score History
You have not taken this quiz